Conquering and to conquer: (Record no. 5563)

MARC details
000 -LEADER
fixed length control field 00518nam a22001697a 4500
003 - CONTROL NUMBER IDENTIFIER
control field GBCCL
005 - DATE AND TIME OF LATEST TRANSACTION
control field 20241126110545.0
008 - FIXED-LENGTH DATA ELEMENTS--GENERAL INFORMATION
fixed length control field 180327b ||||| |||| 00| 0 eng d
040 ## - CATALOGING SOURCE
Transcribing agency gbc
082 ## - DEWEY DECIMAL CLASSIFICATION NUMBER
Classification number 228.06
Item number CHA
100 ## - MAIN ENTRY--PERSONAL NAME
Personal name Chambers, Stanford
9 (RLIN) 10035
245 ## - TITLE STATEMENT
Title Conquering and to conquer:
Remainder of title The son of God goes forth to war /
Statement of responsibility, etc. Stanford Chambers
260 ## - PUBLICATION, DISTRIBUTION, ETC.
Name of publisher, distributor, etc. The Exhorter Publishers,
Place of publication, distribution, etc. Hammond:
Date of publication, distribution, etc. 1962
300 ## - PHYSICAL DESCRIPTION
Extent 174 p.;
650 ## - SUBJECT ADDED ENTRY--TOPICAL TERM
Topical term or geographic name entry element Bible
Form subdivision Revelation
General subdivision Criticism, Interpretation,etc.
9 (RLIN) 9307
942 ## - ADDED ENTRY ELEMENTS (KOHA)
Source of classification or shelving scheme Dewey Decimal Classification
Koha item type Books
Holdings
Withdrawn status Lost status Source of classification or shelving scheme Damaged status Not for loan Home library Current Library Shelving location Date acquired Total checkouts Full call number Barcode Date last seen Copy number Price effective from Koha item type
    Dewey Decimal Classification     GRACE BIBLE COLLEGE GRACE BIBLE COLLEGE Biblical Studies 2018-03-27   228.06 CHA 006523 2025-05-01 c.1 2018-03-27 Books
© Grace Bible College Library 2025